Huế với đời sống văn hoá gia tộc

Khái quát về gia tộc xứ Huế trong lịch sử, cội nguồn họ tộc xứ Huế và thiết chế văn hoá gia tộc Huế

שמור ב:
מידע ביבליוגרפי
מחבר ראשי: Lê Nguyễn Lưu
פורמט: ספר
שפה:Vietnamese
יצא לאור: H. Văn hoá Thông tin 2010
נושאים:
תגים: הוספת תג
אין תגיות, היה/י הראשונ/ה לתייג את הרשומה!
Thư viện lưu trữ: Mạng thư viện Đại học Đà Nẵng
LEADER 01401nam a2200397 4500
001 000007116
003 3277
005 20111013151028.0
008 110926s2010 viesd
020 |c 000đ 
041 0 |a vie 
082 |a 398.20959749  |b LÊ-L 
100 0 |a Lê Nguyễn Lưu 
245 0 |a Huế với đời sống văn hoá gia tộc  |c Lê Nguyễn Lưu 
260 |a H.  |b Văn hoá Thông tin  |c 2010 
300 |a 348 tr  |c 21 cm 
500 |a ĐTTS ghi: Hội Văn nghệ dân gian Việt Nam 
504 |a Thư mục: tr. 342-347 
520 |a Khái quát về gia tộc xứ Huế trong lịch sử, cội nguồn họ tộc xứ Huế và thiết chế văn hoá gia tộc Huế 
653 |a Gia tộc 
653 |a Dòng họ 
653 |a Văn hoá 
653 |a Nguồn gốc 
653 |a Thừa Thiên-Huế 
700 |a Lê Nguyễn Lưu 
910 |a Nguyễn Thị Kim Oanh  |d 26/09/2011 
OWN |a LSP 
AVA |a UDN50  |b LSP  |d 398.20959749 LÊ-L  |e available  |t Error 5001 Not defined in file expand_doc_bib_avail.  |f 1  |g 0  |h N  |i 0  |k 1 
999 |a From the UDN01 
AVA |a UDN50  |b LSP  |d 398.20959749 LÊ-L  |e available  |t Error 5001 Not defined in file expand_doc_bib_avail.  |f 1  |g 0  |h N  |i 0  |k 1 
TYP |a Monograph 
TYP |a Printed language 
980 |a Mạng thư viện Đại học Đà Nẵng